000 00641cam a2200205 4500
001 J103626
008 000000n1999 000 0 eng u
035 _a(Sirsi) u103626
110 _aRichard Ellis St. Quintin
_93738
245 _aLeeds market bulletin. - Winter 1999
260 _aLondon
_bRichard Ellis St. Quintin
_c1999
300 _a4p. ; 30cm.
650 _aFLOORSPACE STATISTICS
650 _aLEEDS
650 _aPROPERTY-COMMERCIAL PROPERTY-OFFICE PROPERTY-OFFICE PROPERTY MARKET
650 _aOFFICES
650 _aPROPERTY INVESTMENT
690 _aPROPERTY-COMMERCIAL PROPERTY-COMMERCIAL PROPERTY MARKET
942 _n0
999 _c100143
_d100143